000 01797cam a2200433 i 4500
999 _c41506
_d41506
001 17689858
003 OSt
005 20220827113657.0
008 130409s2012 ii bc 000 0 eng
010 _a 2012353741
020 _a818549942X
025 _aI-E-2012-353741; 00-90; 56-90; 61-90
037 _bLibrary of Congress -- New Delhi Overseas Office
040 _aDLC
_beng
_erda
_cDLC
041 0 _aeng
_amal
042 _alcode
_apcc
043 _aa-ii---
_ae-fr---
_ae-it---
050 0 0 _aDS485.K4
_bA35 2012
082 _a954.83
_bVAR/K
245 0 0 _aKolezhuthu and Malayalam records in the Oriental Section of Bibliotheque nationale de France, Paris /
_cedited by M.R. Raghava Varier.
264 1 _aThiruvananthapuram :
_bKerala Council for Historical Research,
_c2012.
300 _a116 pages ;
_c22 cm
336 _atext
_btxt
_2rdacontent
337 _aunmediated
_bn
_2rdamedia
338 _avolume
_bnc
_2rdacarrier
504 _aIncludes bibliographical references (pages 20-22).
520 _aIncludes brief descriptions of Malayalam manuscripts held at Bibliothèque nationale de France and Biblioteca nazionale centrale di Roma.
546 _aEnglish and Malayalam.
650 0 _aBibliothèque nationale (France).
_bDépartement des Manuscripts
_vArchives.
651 0 _aKerala (India)
_xHistory
_vSources.
700 0 _aRāghavavāriyar,
_d1936-
_eeditor.
_99083
710 2 _aKerala Council for Historical Research
_99082
710 2 _aBibliothèque nationale de France.
710 2 _aBiblioteca apostolica vaticana.
710 2 _aBiblioteca nazionale centrale di Roma.
906 _a7
_bcbc
_corigode
_d3
_encip
_f20
_gy-gencatlg
942 _2ddc
_cREF
_h954.83
_iVAR/K
_k954.83
_mVAR/K